| 000 | 00632nam a2200193 a 4500 | ||
|---|---|---|---|
| 005 | 20140412111306.0 | ||
| 008 | 010425s19uu xx 00 eng d | ||
| 020 | _a0-14-054469-0 | ||
| 050 |
_aTR(PS E _bTh34 1991 |
||
| 100 | _aHawkes, Kevin | ||
| 245 |
_aThen the troll heard the squeak / _cby Kevin Hawkes. |
||
| 260 |
_aNew York : _bPuffin Books, _c1992. |
||
| 300 | _a1v. (unp.) ; ill. | ||
| 520 | _aLittle Miss Terry weaks havoc by jumping on the bedspring at night, until a troll appears to set things aright. | ||
| 650 | _aTrolls-Fiction | ||
| 650 | _aBehavior-Fiction | ||
| 650 | _aStories in rhyme | ||
| 999 |
_c103692 _d103692 |
||